000 00632nam a2200277Ia 4500
001 51
008 191123s9999 xx 000 0 und d
041 _aspa
044 _aag
100 _aUrquiza, Juan José de,
245 0 _aTestimonios de la vida teatral argentina.
260 _aBuenos Aires :
_bMinisterio de cultura y educación,
_c1973.
300 _a265 p.
_bilus. b/n
650 _aARGENTINA
650 _aTEATRO
901 _a02132.00
902 _aM
903 _am
904 _am
907 _aImpreso
911 _ailus. b/n
912 _a1973
942 _cLIBRO
999 _c46
_d46
550 _ailus. b/n